[Event "Verbandsliga Suedbaden 1718"]
[Site "Baden"]
[Date "2018.03.11"]
[Round "7.5"]
[White "Strittmatter, Norbert"]
[Black "Schuler, Klaus"]
[Result "0-1"]
[WhiteElo "2084"]
[BlackElo "2196"]
[PlyCount "46"]
[EventDate "2017.10.08"]
[EventType "team-tourn"]
[EventRounds "9"]
[EventCountry "GER"]
[SourceTitle "EXT 2019"]
[Source "ChessBase"]
[SourceDate "2018.10.10"]
[SourceVersion "1"]
[SourceVersionDate "2018.10.10"]
[SourceQuality "1"]
[WhiteTeam "Waldshut"]
[BlackTeam "Lahr"]
[WhiteTeamCountry "GER"]
[BlackTeamCountry "GER"]

1. e4 d5 2. exd5 Nf6 3. d4 Nxd5 4. c4 Nb6 5. Nc3 e5 6. Qe2 Qe7 7. dxe5 Nc6 8. Bf4 Be6 9. b3 g5 10. Bd2 0-0-0 11. h3 Nd4 12. Qd1 Bf5 13. Rc1 Qxe5+ 14. Be2 Ba3 15. Kf1 Bxc1 16. Qxc1 h6 17. Be3 c6 18. Nf3 Nxf3 19. Bxf3 Bd3+ 20. Kg1 f5 21. Na4 Nxa4 22. bxa4 Rhe8 23. g3 Be4 0-1

[Event "Oberliga Baden 1617"]
[Site "Baden"]
[Date "2017.05.07"]
[Round "9.8"]
[White "Strittmatter, Norbert"]
[Black "Stemmler, Tim"]
[Result "0-1"]
[WhiteElo "2106"]
[BlackElo "1958"]
[PlyCount "48"]
[EventDate "2016.10.16"]
[EventType "team-tourn"]
[EventRounds "9"]
[EventCountry "GER"]
[SourceTitle "EXT 2018"]
[Source "ChessBase"]
[SourceDate "2017.10.13"]
[SourceVersion "1"]
[SourceVersionDate "2017.10.13"]
[SourceQuality "1"]
[WhiteTeam "Waldshut Tiengen"]
[BlackTeam "Ladenburg"]
[WhiteTeamCountry "GER"]
[BlackTeamCountry "GER"]

1. e4 e5 2. Nf3 Nc6 3. Bc4 Nf6 4. d3 Be7 5. 0-0 0-0 6. c3 d6 7. h3 Na5 8. Bb5 a6 9. Ba4 b5 10. Bc2 c5 11. d4 exd4 12. cxd4 Nc6 13. dxc5 dxc5 14. Qe2 Be6 15. Rd1 Qc7 16. Nc3 Rad8 17. Nd5 Bxd5 18. exd5 Nb4 19. Be4 Nbxd5 20. Bg5 Nxe4 21. Qxe4 Bxg5 22. Nxg5 Nf6 23. Qf5 Rd6 24. Re1 Rd5 0-1

[Event "Oberliga Baden 1617"]
[Site "Baden"]
[Date "2017.03.19"]
[Round "7.6"]
[White "Strittmatter, Norbert"]
[Black "Lang, Alexander"]
[Result "1-0"]
[WhiteElo "2106"]
[BlackElo "2068"]
[PlyCount "83"]
[EventDate "2016.10.16"]
[EventType "team-tourn"]
[EventRounds "9"]
[EventCountry "GER"]
[SourceTitle "EXT 2018"]
[Source "ChessBase"]
[SourceDate "2017.10.13"]
[SourceVersion "1"]
[SourceVersionDate "2017.10.13"]
[SourceQuality "1"]
[WhiteTeam "Waldshut Tiengen"]
[BlackTeam "Oberwinden"]
[WhiteTeamCountry "GER"]
[BlackTeamCountry "GER"]

1. e4 c6 2. d3 d5 3. Nd2 e5 4. Ngf3 Bd6 5. g3 Nf6 6. Bg2 0-0 7. 0-0 Bg4 8. Re1 Re8 9. Nf1 Bh5 10. c3 Nbd7 11. Qc2 Qc7 12. Nh4 Rad8 13. Ne3 Bf8 14. exd5 cxd5 15. Nxd5 Nxd5 16. Bxd5 Nc5 17. c4 Bg4 18. Bg5 Rd6 19. d4 Nd7 20. Qe4 Be6 21. dxe5 Rb6 22. b3 Bxd5 23. Qxd5 Rxe5 24. Rxe5 Qxe5 25. Qxe5 Nxe5 26. Rd1 Rd6 27. Rxd6 Bxd6 28. Bf4 f6 29. Bxe5 Bxe5 30. Kf1 Kf7 31. Ke2 Ke6 32. Kd3 Bd6 33. Nf3 g6 34. Nd4+ Ke7 35. Ke4 Bb4 36. Kd5 Be1 37. f3 h5 38. Nb5 g5 39. g4 a6 40. Nd6 h4 41. h3 b6 42. Nc8+ 1-0

[Event "Oberliga Baden 1415"]
[Site "Baden"]
[Date "2014.10.19"]
[Round "2.7"]
[White "Strittmatter, Norbert"]
[Black "Vinke, Andreas"]
[Result "1/2-1/2"]
[WhiteElo "2099"]
[BlackElo "2201"]
[PlyCount "54"]
[EventDate "2014.09.21"]
[EventType "team-tourn"]
[EventRounds "9"]
[EventCountry "GER"]
[SourceTitle "EXT 2016"]
[Source "ChessBase"]
[SourceDate "2015.10.08"]
[SourceVersion "1"]
[SourceVersionDate "2015.10.08"]
[SourceQuality "1"]
[WhiteTeam "Waldshut Tiengen"]
[BlackTeam "Karlsruhe"]
[WhiteTeamCountry "GER"]
[BlackTeamCountry "GER"]

1. e4 e6 2. d3 c5 3. Nf3 Nc6 4. g3 Nge7 5. Bg2 g6 6. 0-0 Bg7 7. Re1 d6 8. c3 e5 9. Be3 0-0 10. Nbd2 b6 11. Nf1 h6 12. h4 Be6 13. d4 exd4 14. cxd4 Bg4 15. N1h2 cxd4 16. Nxg4 dxe3 17. Rxe3 h5 18. Ngh2 Bxb2 19. Rb1 Bg7 20. Rd3 Qc7 21. Rxd6 Rfd8 22. Rxd8+ Rxd8 23. Qc2 Qd6 24. Bf1 Nd4 25. Nxd4 Bxd4 26. Kg2 Bc5 27. Nf3 Nc6 1/2-1/2

[Event "Oberliga Baden 1213"]
[Site "Baden"]
[Date "2013.02.24"]
[Round "7.8"]
[White "Strittmatter, Norbert"]
[Black "Kick, Joachim"]
[Result "1-0"]
[WhiteElo "2132"]
[BlackElo "2165"]
[PlyCount "67"]
[EventDate "2012.10.14"]
[EventType "team-tourn"]
[EventRounds "9"]
[EventCountry "GER"]
[SourceTitle "EXT 2014"]
[Source "ChessBase"]
[SourceDate "2013.11.20"]
[SourceVersion "1"]
[SourceVersionDate "2013.11.20"]
[SourceQuality "1"]
[WhiteTeam "Waldshut"]
[BlackTeam "Kuppenheim"]
[WhiteTeamCountry "GER"]
[BlackTeamCountry "GER"]

1. e4 c5 2. Nf3 Nc6 3. d3 g6 4. g3 Bg7 5. Bg2 d6 6. 0-0 e5 7. c3 Nge7 8. Bg5 0-0 9. Qd2 Be6 10. Na3 Qd7 11. Rfe1 b6 12. Nc2 f6 13. Be3 d5 14. exd5 Nxd5 15. Bh6 Bxh6 16. Qxh6 Nde7 17. d4 Nf5 18. Qd2 cxd4 19. cxd4 Rad8 20. Rad1 Nfxd4 21. Nfxd4 Nxd4 22. Nxd4 exd4 23. Re4 Bxa2 24. Qb4 Be6 25. Rdxd4 Qc8 26. h4 Rfe8 27. Rd6 Kg7 28. h5 Rxd6 29. Qxd6 Qd7 30. Qb4 Bf5 31. Rd4 Qe7 32. Qa4 gxh5 33. Bf3 Bg6 34. Rd7 1-0

[Event "Oberliga Baden 0910"]
[Site "Germany"]
[Date "2009.11.15"]
[Round "2.8"]
[White "Berberich, Christoph"]
[Black "Strittmatter, Norbert"]
[Result "0-1"]
[WhiteElo "2115"]
[BlackElo "2123"]
[PlyCount "92"]
[EventDate "2009.10.18"]
[EventType "team-tourn"]
[EventRounds "9"]
[EventCountry "GER"]
[SourceTitle "EXT 2011"]
[Source "ChessBase"]
[SourceDate "2010.11.26"]
[SourceVersion "1"]
[SourceVersionDate "2010.11.26"]
[SourceQuality "1"]
[WhiteTeam "Zaehringen"]
[BlackTeam "Waldshut"]
[WhiteTeamCountry "GER"]
[BlackTeamCountry "GER"]

1. d4 Nf6 2. Nf3 d6 3. c4 c6 4. Nc3 g6 5. e4 Bg4 6. Be2 Qc7 7. 0-0 Nbd7 8. Be3 Bg7 9. Qd2 0-0 10. Bh6 e5 11. Bxg7 Kxg7 12. Rad1 Rad8 13. h3 Bxf3 14. Bxf3 a6 15. Be2 Rfe8 16. f4 b5 17. a3 Qb6 18. c5 dxc5 19. fxe5 cxd4 20. exf6+ Nxf6 21. Kh1 dxc3 22. Qxc3 c5 23. Rxd8 Qxd8 24. e5 Ne4 25. Qf3 Qd5 26. Bd3 Rxe5 27. Rd1 Qe6 28. Bxe4 Rxe4 29. Qc3+ Qe5 30. Qa5 Qxb2 31. Qxa6 Re6 32. Qa8 Qc3 33. Kh2 Qe5+ 34. Kh1 Re8 35. Qb7 c4 36. Rd7 Qf4 37. Rd1 Re5 38. Rb1 Qf5 39. Rd1 c3 40. Rc1 Qf4 41. Rg1 Rc5 42. g3 Qf2 43. Rg2 Qxg2+ 44. Kxg2 c2 45. Qd7 c1Q 46. Qd4+ Kh6 0-1

[Event "Baden-ch MT"]
[Site "Oberwinden"]
[Date "2007.04.10"]
[Round "6"]
[White "Strittmatter, Norbert"]
[Black "Keely, Leo A"]
[Result "1/2-1/2"]
[WhiteElo "2147"]
[BlackElo "2026"]
[PlyCount "49"]
[EventDate "2007.04.06"]
[EventType "swiss"]
[EventRounds "11"]
[EventCountry "GER"]
[SourceTitle "CBM 117 Extra"]
[Source "ChessBase"]
[SourceDate "2007.05.09"]
[SourceVersion "1"]
[SourceVersionDate "2007.05.09"]
[SourceQuality "1"]

1. e4 e5 2. d3 Nf6 3. Nf3 Nc6 4. g3 Bc5 5. Bg2 d6 6. c3 Bg4 7. Nbd2 Qd7 8. b4 Bb6 9. Nc4 Be6 10. Qe2 Bxc4 11. dxc4 a5 12. b5 Nd8 13. Nh4 h6 14. Nf5 Ne6 15. Bh3 Kf8 16. 0-0 Kg8 17. Qf3 Qd8 18. Bd2 Ng5 19. Bxg5 hxg5 20. Bg2 g6 21. Ne3 Kg7 22. Rfd1 Qd7 23. h3 Qe6 24. Bf1 Bc5 25. a4 1/2-1/2

[Event "Baden-ch MT"]
[Site "Oberwinden"]
[Date "2007.04.07"]
[Round "2"]
[White "Strittmatter, Norbert"]
[Black "Gorse, Gerard"]
[Result "1/2-1/2"]
[WhiteElo "2147"]
[BlackElo "2058"]
[PlyCount "158"]
[EventDate "2007.04.06"]
[EventType "swiss"]
[EventRounds "11"]
[EventCountry "GER"]
[SourceTitle "CBM 117 Extra"]
[Source "ChessBase"]
[SourceDate "2007.05.09"]
[SourceVersion "1"]
[SourceVersionDate "2007.05.09"]
[SourceQuality "1"]

1. e4 c5 2. Nf3 e6 3. d3 Nc6 4. g3 g6 5. Bg2 Bg7 6. 0-0 Nge7 7. Nbd2 0-0 8. Re1 d5 9. c3 b6 10. e5 Qc7 11. Qe2 Ba6 12. Nf1 h6 13. h4 Rad8 14. Bf4 d4 15. c4 b5 16. b3 bxc4 17. bxc4 Kh7 18. N1h2 Qa5 19. Ng4 Ng8 20. Nd2 Nb8 21. Nb3 Qc7 22. Qd2 Nd7 23. Rab1 h5 24. Nf6+ Bxf6 25. exf6 e5 26. Bxe5 Nxe5 27. Qf4 Rfe8 28. Re2 Qd6 29. Rbe1 Nxf6 30. Rxe5 Kg7 31. Nxc5 Bc8 32. Nb3 Rxe5 33. Qxe5 Bf5 34. Bf1 Qb4 35. Qa5 Qxa5 36. Nxa5 Rd6 37. Nb3 Ra6 38. Nxd4 Bxd3 39. Bxd3 Rd6 40. Nf5+ gxf5 41. Bxf5 Ra6 42. Re2 Ra5 43. Bb1 Nd7 44. Rd2 Nb6 45. Bd3 Na4 46. Rc2 Nc5 47. Be2 Kg6 48. Kf1 Ra3 49. Rd2 Ne4 50. Bd3 f5 51. Bxe4 fxe4 52. Rc2 Ra6 53. c5 Rc6 54. Ke2 Kf5 55. Ke3 Ke5 56. a4 Kd5 57. Rc3 Ke5 58. Rc4 Kd5 59. Rd4+ Kxc5 60. Rxe4 Kd5 61. Rb4 a6 62. Rd4+ Ke5 63. f3 Rc3+ 64. Rd3 Rc4 65. f4+ Ke6 66. Rd4 Rc3+ 67. Ke4 Rxg3 68. Rd5 Rb3 69. f5+ Kf7 70. Rd7+ Ke8 71. Rd4 Ke7 72. Ke5 Re3+ 73. Kf4 Rc3 74. Ke5 Re3+ 75. Re4 Rb3 76. Rc4 Re3+ 77. Re4 Rb3 78. Kf4+ Kf7 79. Rc4 a5 1/2-1/2

[Event "Verbandsliga Sued Baden 0607"]
[Site "Germany"]
[Date "2007.02.11"]
[Round "6.7"]
[White "Strittmatter, Norbert"]
[Black "Reis, Hans Helmut"]
[Result "1/2-1/2"]
[WhiteElo "2075"]
[BlackElo "1946"]
[PlyCount "137"]
[EventDate "2006.10.22"]
[EventType "team"]
[EventRounds "9"]
[EventCountry "GER"]
[SourceTitle "EXT 2008"]
[Source "ChessBase"]
[SourceDate "2007.11.25"]
[SourceVersion "1"]
[SourceVersionDate "2007.11.25"]
[SourceQuality "1"]
[WhiteTeam "Waldshut II"]
[BlackTeam "Kehl"]
[WhiteTeamCountry "GER"]
[BlackTeamCountry "GER"]

1. e4 c6 2. d3 d5 3. Nd2 e5 4. Ngf3 Bd6 5. g3 Nf6 6. Bg2 0-0 7. 0-0 Na6 8. Re1 Re8 9. c3 Bg4 10. Nf1 dxe4 11. dxe4 Bc5 12. Qc2 h6 13. Be3 Qd7 14. b4 Bxe3 15. Nxe3 Rad8 16. Red1 Qe6 17. a4 Nc7 18. Rd2 Rxd2 19. Nxd2 Rd8 20. Bf1 a6 21. f3 Bh5 22. Kg2 Bg6 23. Bc4 Qe7 24. Nb3 Ncd5 25. Nf1 b5 26. Bd3 Nb6 27. axb5 axb5 28. Ra6 Qc7 29. Nfd2 Na4 30. c4 Qd7 31. Be2 Rb8 32. cxb5 cxb5 33. Rc6 Nd5 34. Qc1 Nxb4 35. Rc7 Qe6 36. Nc5 Nxc5 37. Rxc5 Qa2 38. Bxb5 Rd8 39. Rc8 Rxc8 40. Qxc8+ Kh7 41. Qc3 Qa5 42. Bc4 Qc5 43. Qb3 Qe7 44. Qc3 Qd6 45. Bb3 Nc6 46. Bd5 Ne7 47. Qc4 f6 48. Qb5 Nxd5 49. Qxd5 Qe7 50. f4 Bf7 51. Qd3 Qc7 52. Qe3 Bg6 53. Kf3 Bh5+ 54. Kf2 Bg4 55. Kg2 Bh5 56. h3 Kh8 57. Qf2 Bg6 58. Qe3 Bh5 59. Qf2 Bg6 60. fxe5 Qxe5 61. Qf4 Qd4 62. Kf3 Qd3+ 63. Qe3 Qd7 64. Kg2 Qc6 65. Qd3 Kh7 66. Kf2 Qc5+ 67. Qe3 Qc1 68. Qe1 Qc2 69. Qe2 1/2-1/2

[Event "Verbandsliga Sued Baden 0607"]
[Site "Germany"]
[Date "2006.12.17"]
[Round "4.5"]
[White "Strittmatter, Norbert"]
[Black "Budisin, Stanislav"]
[Result "1-0"]
[WhiteElo "2076"]
[BlackElo "2147"]
[PlyCount "77"]
[EventDate "2006.10.22"]
[EventType "team"]
[EventRounds "9"]
[EventCountry "GER"]
[SourceTitle "EXT 2008"]
[Source "ChessBase"]
[SourceDate "2007.11.25"]
[SourceVersion "1"]
[SourceVersionDate "2007.11.25"]
[SourceQuality "1"]
[WhiteTeam "Waldshut II"]
[BlackTeam "Dreisamtal"]
[WhiteTeamCountry "GER"]
[BlackTeamCountry "GER"]

1. e4 c5 2. Nf3 e6 3. d3 Nc6 4. g3 g6 5. Bg2 Bg7 6. 0-0 Nge7 7. Nbd2 0-0 8. Re1 d5 9. c3 d4 10. Qc2 e5 11. Nf1 f5 12. Ng5 Qd6 13. exf5 gxf5 14. Qb3+ Kh8 15. Nf7+ Rxf7 16. Qxf7 Be6 17. Qh5 dxc3 18. bxc3 Qxd3 19. Bh6 Qxc3 20. Bxg7+ Kxg7 21. Qg5+ Ng6 22. Rab1 e4 23. Rec1 Qe5 24. Rxb7+ Kg8 25. h4 Nd8 26. Rb5 Nf7 27. Qd2 Rd8 28. Qa5 Qd4 29. Rbxc5 Nge5 30. Rc7 Nd3 31. R1c2 f4 32. Qxa7 Qxa7 33. Rxa7 f3 34. Bh1 Rb8 35. Re7 Bf5 36. Ne3 Rb1+ 37. Kh2 Nfe5 38. Rcc7 Nxf2 39. Re8# 1-0

[Event "Oberliga Baden 0506"]
[Site "Germany"]
[Date "2005.12.11"]
[Round "4.8"]
[White "Strittmatter, Norbert"]
[Black "Feil, Stephan"]
[Result "1-0"]
[WhiteElo "2142"]
[BlackElo "2200"]
[PlyCount "91"]
[EventDate "2005.10.23"]
[EventType "team-tourn"]
[EventRounds "9"]
[EventCountry "GER"]
[SourceTitle "EXT 2007"]
[Source "ChessBase"]
[SourceDate "2006.11.23"]
[SourceVersion "1"]
[SourceVersionDate "2006.11.23"]
[SourceQuality "1"]
[WhiteTeam "Waldshut Tiengen"]
[BlackTeam "Ladenburg"]
[WhiteTeamCountry "GER"]
[BlackTeamCountry "GER"]

1. e4 e5 2. Nf3 Nf6 3. Nxe5 d6 4. Nf3 Nxe4 5. Qe2 Qe7 6. d3 Nf6 7. Bg5 Qxe2+ 8. Bxe2 Be7 9. Nc3 c6 10. 0-0-0 Na6 11. Rhe1 Nc7 12. Nd4 Ne6 13. Bxf6 Bxf6 14. Nf5 d5 15. Nd6+ Ke7 16. Nf5+ Kd7 17. g3 Kc7 18. Bf1 g6 19. Ne3 h5 20. Ncxd5+ cxd5 21. Nxd5+ Kd6 22. Nxf6 a5 23. d4 b6 24. Bg2 Ra7 25. Ne4+ Kd7 26. d5 Nc5 27. Nf6+ Kd6 28. Bf1 Bf5 29. Bb5 Bg4 30. Re8 Bxd1 31. Rxh8 Bf3 32. c4 Ke7 33. Nh7 Ne4 34. h4 f6 35. Ng5 fxg5 36. Rh7+ Kd6 37. Rxa7 Bg4 38. f4 Nxg3 39. fxg5 Nf5 40. Rd7+ Kc5 41. Rc7+ Kd4 42. Bd7 Nd6 43. b3 Ne4 44. Be8 Bf5 45. Rc6 Nc5 46. Bxg6 1-0

[Event "Oberliga Baden 0405"]
[Site "Germany"]
[Date "2005.02.13"]
[Round "7.8"]
[White "Cserba, Andras"]
[Black "Strittmatter, Norbert"]
[Result "0-1"]
[WhiteElo "2236"]
[BlackElo "2121"]
[PlyCount "76"]
[EventDate "2004.10.24"]
[EventType "team-tourn"]
[EventRounds "9"]
[EventCountry "GER"]
[SourceTitle "EXT 2007"]
[Source "ChessBase"]
[SourceDate "2006.11.23"]
[SourceVersion "1"]
[SourceVersionDate "2006.11.23"]
[SourceQuality "1"]
[WhiteTeam "Slavija KA"]
[BlackTeam "Waldshut"]
[WhiteTeamCountry "GER"]
[BlackTeamCountry "GER"]

1. c4 Nf6 2. Nc3 e5 3. g3 c6 4. d4 exd4 5. Qxd4 Be7 6. Bg2 0-0 7. Nf3 Na6 8. 0-0 Nc5 9. Rd1 d6 10. b3 Qa5 11. Bb2 Bg4 12. h3 Bxf3 13. Bxf3 Ne6 14. Qd2 Qf5 15. g4 Qg6 16. Bg2 h5 17. f3 Rad8 18. Qd3 Qg5 19. Ne4 Nxe4 20. Qxe4 Qc5+ 21. e3 d5 22. cxd5 cxd5 23. Qd3 hxg4 24. hxg4 Bg5 25. Kf2 Bh4+ 26. Kf1 Rfe8 27. Rac1 Qd6 28. f4 d4 29. Qe4 Qa6+ 30. Qd3 Qxa2 31. Rd2 dxe3 32. Qxe3 Rxd2 33. Qxd2 Qxb3 34. Be5 Rd8 35. Qc3 Qb6 36. Qc2 Qe3 37. Be4 Rd2 38. Qc8+ Nd8 0-1

[Event "Oberliga Baden 0304 "]
[Site "Germany"]
[Date "2003.10.12"]
[Round "1.8"]
[White "Strittmatter, Norbert"]
[Black "Fiedler, Joerg"]
[Result "1-0"]
[WhiteElo "2088"]
[BlackElo "2071"]
[PlyCount "97"]
[EventDate "2003.10.12"]
[EventType "team-tourn"]
[EventRounds "9"]
[EventCountry "GER"]
[SourceTitle "EXT 2006"]
[Source "ChessBase"]
[SourceDate "2005.11.24"]
[SourceVersion "1"]
[SourceVersionDate "2005.11.24"]
[SourceQuality "1"]
[WhiteTeam "Waldshut Tiengen"]
[BlackTeam "Konstanz"]
[WhiteTeamCountry "GER"]
[BlackTeamCountry "GER"]

1. e4 c5 2. Nf3 Nc6 3. d3 g6 4. g3 Bg7 5. Bg2 e6 6. 0-0 Nge7 7. Nbd2 0-0 8. Re1 d5 9. exd5 Nxd5 10. Nb3 b6 11. c4 Nde7 12. d4 cxd4 13. Nfxd4 Bb7 14. Bg5 Qb8 15. Nxc6 Nxc6 16. Qd7 Qc8 17. Rad1 h6 18. Be7 Re8 19. Ba3 Rd8 20. Qxc8 Raxc8 21. c5 b5 22. h4 Bf6 23. Nd2 a5 24. Ne4 Be7 25. b3 Rc7 26. Rxd8+ Nxd8 27. b4 axb4 28. Bxb4 Bxe4 29. Bxe4 Bxc5 30. Ba5 Rd7 31. Rc1 Be7 32. Rb1 Nb7 33. Bc6 Nxa5 34. Bxd7 b4 35. Rc1 Bd6 36. Ba4 Kg7 37. Rc8 Nb7 38. Rc6 Bf8 39. Rc7 Nd6 40. Bb3 Kf6 41. Kf1 Ne4 42. g4 Bd6 43. Rd7 Be5 44. Rb7 Bd6 45. Ke2 g5 46. h5 Be7 47. f3 Nc3+ 48. Kd3 Nb1 49. a4 1-0